Carta Compromiso al Ciudadano (Record no. 9677)

MARC details
000 -LEADER
campo de control de longitud fija 00398nam a2200133Ia 4500
001 - NÚMERO DE CONTROL
campo de control 4640
008 - DATOS DE LONGITUD FIJA--INFORMACIÓN GENERAL
campo de control de longitud fija 241024s9999 xx 000 0 und d
082 ## - NÚMERO DE LA CLASIFICACIÓN DECIMAL DEWEY
Número de clasificación RD/334.0327/C743c/2016-2017
100 ## - ENTRADA PRINCIPAL--NOMBRE DE PERSONA
Nombre de persona República Dominicana. Consejo Nacional para la Niñez y la Adolescencia
245 #0 - MENCIÓN DEL TÍTULO
Título Carta Compromiso al Ciudadano
260 ## - PUBLICACIÓN, DISTRIBUCIÓN, ETC.
Nombre del editor, distribuidor, etc. Santo Domingo
Fecha de publicación, distribución, etc. 2016
901 ## - ELEMENTOS DE DATOS A LOCAL LDA (RLIN)
a 20/6/2017 8:31:34 a.m.

No items available.

© 2024. Todos los Derechos Reservados. Desarrollado por IDEICE